Secundus tomus Concionum de tempore, quae ab initio quadragesimae usque ad quartam ejus Dominicam haberi solent (Record no. 8638)
[ view plain ]
| 000 -CABECERA | |
|---|---|
| campo de control de longitud fija | 00878nam a2200217 a 4500 |
| 001 - NÚMERO DE CONTROL | |
| campo de control | BRCA_8987 |
| 005 - FECHA Y HORA DE LA ÚLTIMA TRANSACCIÓN | |
| campo de control | 20190320210501.0 |
| 008 - DATOS DE LONGITUD FIJA--INFORMACIÓN GENERAL | |
| campo de control de longitud fija | 110717s1766----sp-#######---#000-0#lat-# |
| 041 ## - CÓDIGO DE LENGUA | |
| Código de lengua del texto/banda sonora o título independiente | lat |
| 044 ## - CÓDIGO DEL PAÍS DE LA ENTIDAD EDITORA/PRODUCTORA | |
| Código MARC del país | spa |
| 084 ## - OTRO NÚMERO DE CLASIFICACIÓN | |
| Número de clasificación | LM5 |
| Número de documento/Ítem | .G732 1766 |
| 100 1# - ENTRADA PRINCIPAL--NOMBRE DE PERSONA | |
| Nombre de persona | Granatensi, Ludovico |
| Fechas asociadas al nombre | 1504 - 1588 |
| 9 (RLIN) | 22305 |
| 245 10 - MENCIÓN DE TÍTULO | |
| Título | Secundus tomus Concionum de tempore, quae ab initio quadragesimae usque ad quartam ejus Dominicam haberi solent |
| Mención de responsabilidad, etc. | auctore R.P.F. Ludovico Granatensi, Sac. Theol. Monacho Dominicano. |
| 260 ## - PUBLICACIÓN, DISTRIBUCIÓN, ETC. | |
| Lugar de publicación, distribución, etc. | Valentiae Hedetanorum |
| Nombre del editor, distribuidor, etc. | In oficina viduae Josephi de Orga |
| Fecha de publicación, distribución, etc. | 1766 |
| 300 ## - DESCRIPCIÓN FÍSICA | |
| Extensión | 523 p. (t.2) |
| Dimensiones | 21 x 16 cm |
| 500 ## - NOTA GENERAL | |
| Nota general | Superiorum permissu |
| 500 ## - NOTA GENERAL | |
| Nota general | Estado físico: presenta encuadernación en pergamino con cintas, cantos decorados y presencia del pez de plata |
| 650 14 - PUNTO DE ACCESO ADICIONAL DE MATERIA--TÉRMINO DE MATERIA | |
| Término de materia o nombre geográfico como elemento de entrada | Fiestas religiosas |
| Subdivisión cronológica | Obras anteriores a 1800 |
| 9 (RLIN) | 22306 |
| 902 ## - CATALOGADOR | |
| Iniciales | CFM |
| 942 ## - ELEMENTOS DE PUNTO DE ACCESO ADICIONAL (KOHA) | |
| Fuente del sistema de clasificación o colocación | Library of Congress Classification |
| Tipo de ítem Koha | Libros |
| Estado de retiro | Estado de pérdida | Estado dañado | No para préstamo | Localización permanente | Ubicación/localización actual | Fecha de adquisición | Total de préstamos | Signatura topográfica completa | Código de barras | Fecha visto por última vez | Precio válido a partir de | Tipo de ítem Koha |
|---|---|---|---|---|---|---|---|---|---|---|---|---|
| El ejemplar forma parte de la colección y puede ser consultado según las políticas vigentes. | Biblioteca del Museo Franz Mayer (Rogerio Casas-Alatriste) | Biblioteca del Museo Franz Mayer (Rogerio Casas-Alatriste) | 11/07/2017 | LM5 .G732 1766 | CFM00315 | 22/03/2019 | 22/03/2019 | Libros |